The charioteer /

Sábháilte in:
Sonraí bibleagrafaíochta
Príomhchruthaitheoir: Renault, Mary
Formáid: LEABHAR
Teanga:Béarla
Foilsithe / Cruthaithe: London 1959
Sraith:A four square book
Clibeanna: Cuir clib leis
Níl clibeanna ann, Bí ar an gcéad duine le clib a chur leis an taifead seo!

MARC

LEADER 00000nam a22000007i 4500
001 CDOM0000002474
003 mi
005 20251010102043.0
008 201029s1963 xxk|||||| ||||| |||||c
040 |c ct 
041 |a eng 
100 |a Renault, Mary 
245 1 |a The charioteer /  |c Mary Renault 
260 |a London  |c 1959 
300 |a 316 p. ;  |c 18 cm. 
830 |a A four square book 
942 |2 ddc  |c BK 
952 |0 0  |1 0  |2 ddc  |4 0  |6 B_LNR02RENMACHA11  |7 1  |9 6007  |a MI  |b MI  |d 1987-11-27  |i 691  |l 0  |o B-LNR02-RENMA-CHA11  |p CDOM691  |r 2025-07-13 16:28:00  |w 2025-07-13  |x DONO  |y BK 
999 |c 4799  |d 4799